| 000 | 01284 a2200217 4500 | ||
|---|---|---|---|
| 003 | Nust | ||
| 005 | 20220812163050.0 | ||
| 010 | _a 87014398 | ||
| 020 | _a0135367158 | ||
| 040 | _cNust | ||
| 082 | 0 | 0 | _a621.38132,MAD |
| 100 | 1 |
_aMadhu, Swaminathan. _997049 |
|
| 245 | 1 | 0 |
_aLinear circuit analysis / _cS. Madhu with contributions from R. Unnikrishnan. |
| 260 |
_aEnglewood Cliffs, N.J. : _bPrentice-Hall, _cc1988. |
||
| 300 |
_axxiii, 833 p. : _bill. ; _c25 cm. |
||
| 505 | _aBasic Concepts, Components and Las of Electric Circuits (Page-1), Series and Parallel Circuits (Page-56), Methods of Branch Currents Loop and Mesh Analysis (Page-168), Network Theorems (Page-230), Circuits Containing Capacitors and Inductors (Page-264),Sinusoidal Steady State-Time Domain Analysis (Page-318), Phasors, Impedance and Admittance (Page-347), Network in the Sinusoidal steady State (Page-402) Magnetic Circuits Coupled Coils and Three Phase (Page-472), Resonant Circuits (page-528), Complex Frequency and Network Functions (Page-573), Tow-Ports (Page-614),Nousinsoidal Signals Fourier Methods (Page-661), Laplace Transformation (Page-734). | ||
| 650 | 0 |
_aElectric circuits, Linear. _994376 |
|
| 650 | 0 |
_aElectric networks. _941311 |
|
| 700 | 1 |
_aUnnikrishnan, R. _997050 |
|
| 942 |
_2ddc _cBK |
||
| 999 |
_c175618 _d175618 |
||